Personnages Disney/Pixar en images - F - Statistiques

Statistiques générales
  • Ce quiz a été pris 761 fois
  • Le résultat moyen est 10 sur 20
Statistiques - réponses
Par images Réponse % Correct
Flash McQueen
98%
Fourchette
83%
Fifi
82%
Ferb
72%
Flynn Rider
71%
Fleur
63%
Flèche Parr
61%
Félix Fix-it Jr.
55%
Frollo
50%
Frozone
49%
Facilier
48%
Flora
45%
Flack Delamare
44%
Figaro
43%
Fred
26%
Flit
22%
Fergus
16%
Filmore
12%
Flagada Jones
9%
Fru Fru
6%
Aucun quiz correspondant
Distribution des résultats
% des personnes avec chaque résultat
Percentile par nombre de réponses
Votre historique - résultats
Vous n’avez pas pris ce quiz